| 000 | 00700nam a22002177a 4500 | ||
|---|---|---|---|
| 005 | 20171221122645.0 | ||
| 010 | _aB-519492-496 ENG-121946 | ||
| 020 |
_a9380403097 _c250.00 |
||
| 020 |
_a9789380403090 _c250.00 |
||
| 035 | _aB-519492-496 EN-105478 | ||
| 037 |
_aBSB/Ven. _bdpl |
||
| 037 | _bDBAD/PUB | ||
| 082 | _aS | ||
| 100 | _aSyed, Rafiq Hussain | ||
| 245 |
_aThe mirror of wonders and other tales / _cby Syed Rafiq Hussain |
||
| 260 |
_aNew Delhi _bYoda Press _c2013 |
||
| 270 |
_a268 A/C, Vasant Kunj _bNew Delhi _e110070 |
||
| 300 |
_axxvii,165p. _c20cm(pbk) |
||
| 942 |
_2ddc _cEN _mSYE _hS |
||
| 999 |
_c79443 _d79443 |
||